Detalles MARC
| 000 -CABECERA |
| campo de control de longitud fija |
01042nam a2200313 a 4500 |
| 001 - NÚMERO DE CONTROL |
| campo de control |
000014876 |
| 005 - FECHA Y HORA DE LA ÚLTIMA TRANSACCIÓN |
| campo de control |
20200929163921.0 |
| 008 - DATOS DE LONGITUD FIJA--INFORMACIÓN GENERAL |
| campo de control de longitud fija |
940620s1994 ck b 000 0 spa d |
| 010 ## - NÚMERO DE CONTROL DE LA BIBLIOTECA DEL CONGRESO |
| Número de control de LC |
94173798 |
| 020 ## - NÚMERO INTERNACIONAL ESTÁNDAR DEL LIBRO |
| Número Internacional Estándar del Libro |
9589057357 |
| 035 ## - NÚMERO DE CONTROL DEL SISTEMA |
| Número de control de sistema |
(OCoLC)30839580 |
| 040 ## - FUENTE DE LA CATALOGACIÓN |
| Centro catalogador/agencia de origen |
DO-SdBNP |
| Centro/agencia transcriptor |
OAU |
| Centro/agencia modificador |
DLC |
| 042 ## - CÓDIGO DE AUTENTICACIÓN |
| Código de autenticación |
lccopycat |
| 043 ## - CÓDIGO DE ÁREA GEOGRÁFICA |
| Código de área geográfica |
s-ck--- |
| 050 00 - SIGNATURA TOPOGRÁFICA DE LA BIBLIOTECA DEL CONGRESO |
| Número de clasificación |
F2271 |
| Número de documento/Ítem |
.J37 1994 |
| 082 00 - NÚMERO DE LA CLASIFICACIÓN DECIMAL DEWEY |
| Número de clasificación |
986.1 |
| Número de edición |
20 |
| 100 2# - ENTRADA PRINCIPAL--NOMBRE DE PERSONA |
| Nombre de persona |
Jaramillo Uribe, Jaime. |
| 9 (RLIN) |
32863 |
| 245 10 - MENCIÓN DE TÍTULO |
| Título |
De la sociologia a la historia / |
| Mención de responsabilidad, etc. |
Jaime Jaramillo Uribe ; Gonzalo Catano, compilacion y prologo. |
| 250 ## - MENCIÓN DE EDICIÓN |
| Mención de edición |
1. ed. |
| 260 ## - PUBLICACIÓN, DISTRIBUCIÓN, ETC. |
| Lugar de publicación, distribución, etc. |
Santafe de Bogota, D.C. : |
| Nombre del editor, distribuidor, etc. |
Ediciones Uniades, |
| Fecha de publicación, distribución, etc. |
1994. |
| 300 ## - DESCRIPCIÓN FÍSICA |
| Extensión |
xi, 328 p. ; |
| Dimensiones |
21 cm. |
| 440 #0 - MENCIÓN DE SERIE/PUNTO DE ACCESO ADICIONAL--TÍTULO |
| Título |
Coleccion Grandes maestros de los Andes |
| 9 (RLIN) |
33699 |
| 504 ## - NOTA DE BIBLIOGRAFÍA, ETC. |
| Nota de bibliografía, etc. |
"Bibliografia de Jaime Jaramillo Uribe": p. [315]-328. |
| 651 #0 - PUNTO DE ACCESO ADICIONAL DE MATERIA--NOMBRE GEOGRÁFICO |
| Nombre geográfico |
Colombia |
| Subdivisión general |
History. |
| 9 (RLIN) |
32698 |
| 651 #0 - PUNTO DE ACCESO ADICIONAL DE MATERIA--NOMBRE GEOGRÁFICO |
| Nombre geográfico |
Colombia |
| Subdivisión general |
Historiography. |
| 9 (RLIN) |
33700 |
| 650 #0 - PUNTO DE ACCESO ADICIONAL DE MATERIA--TÉRMINO DE MATERIA |
| Término de materia o nombre geográfico como elemento de entrada |
Social sciences and history. |
| 9 (RLIN) |
33701 |
| 650 #0 - PUNTO DE ACCESO ADICIONAL DE MATERIA--TÉRMINO DE MATERIA |
| Término de materia o nombre geográfico como elemento de entrada |
History |
| Subdivisión general |
Philosophy. |
| 9 (RLIN) |
33702 |
| 910 ## - DATOS DE OPCIÓN DEL USUARIO (OCLC) |
| Datos de opción del usuario |
Catalogación por copia / LC |